Sports Quiz

Random Sports or Baseball Quiz
Score 0/38 Timer 06:00
5 Plays Today
Notable Player Last Name % Correct
RandyJohnson
93.2%
OzzieSmith
92.4%
AndruwJones
91.3%
CyYoung
87.7%
TedWilliams
87.2%
PedroMartinez
81.6%
ReggieJackson
78.2%
BillyMartin
77.1%
JackieRobinson
71.1%
FranciscoRodriguez
64.4%
DustyBaker
62.6%
SparkyAnderson
61.1%
RondellWhite
60.3%
FelixHernandez
58%
CliffLee
55.6%
FrankThomas
53.2%
HackWilson
52.7%
MordecaiBrown
47.8%
LuisGonzalez
45.5%
Notable Player Last Name % Correct
Cool PapaBell
36.9%
LarryWalker
36.5%
DaleMurphy
35.6%
FreddyGarcia
24.3%
DavidWright
23.2%
DamianMiller
22.1%
WillieDavis
20.1%
TonyPerez
16.5%
BrandonPhillips
14.3%
SamThompson
13.3%
FredClark
12.2%
BuckyHarris
12.1%
DickAllen
11.9%
DonnieMoore
9.4%
BenTaylor
8.3%
GeorgeScott
4.8%
JimmieHall
3.9%
EddieFisher
1.5%
FrankSullivan
1.3%
Remove Ads.
Support Sporcle.
Get the best of Sporcle when you Go Orange. This ad-free experience offers more features, more stats, and more fun while also helping to support Sporcle. Thank you for becoming a member.

You're not logged in!

Compare scores with friends on all Sporcle quizzes.
OR
Log In

Sporcle TV

Today on Sporcle TV


Watch our educational content, quiz creation guides, and fun videos on Sporcle TV.

Show Comments

Extras

Top Quizzes Today


Score Distribution

Paid Content

Your Account Isn't Verified!

In order to create a playlist on Sporcle, you need to verify the email address you used during registration. Go to your Sporcle Settings to finish the process.

Report this User

Report this user for behavior that violates our Community Guidelines.

Details: